ბათუმის შოთა რუსთაველის სახელმწიფო უნივერსიტეტის ბიბლიოთეკა

Адсорбция газов. (ბიბ.ჩანაწერი № 38225)

000 -LEADER
fixed length control field 00590nam a2200229Ia 4500
001 - CONTROL NUMBER
control field 4215
003 - CONTROL NUMBER IDENTIFIER
control field GE_BSU
008 - FIXED-LENGTH DATA ELEMENTS--GENERAL INFORMATION
fixed length control field 181216s||||||||xx |||||||||||||| ||und||
040 ## - CATALOGING SOURCE
Transcribing agency GE_BSU
080 ## - UNIVERSAL DECIMAL CLASSIFICATION NUMBER
Universal Decimal Classification number 66.071
100 ## - MAIN ENTRY--PERSONAL NAME
Personal name Рамм,В.М.
245 ## - TITLE STATEMENT
Title Адсорбция газов.
245 ## - TITLE STATEMENT
Statement of responsibility, etc. Ред. M.H.Ратманский.
250 ## - EDITION STATEMENT
Edition statement Изд. 2-е, перераб. и доп.
260 ## - PUBLICATION, DISTRIBUTION, ETC.
Place of publication, distribution, etc. М.
260 ## - PUBLICATION, DISTRIBUTION, ETC.
Name of publisher, distributor, etc. Химия.
260 ## - PUBLICATION, DISTRIBUTION, ETC.
Date of publication, distribution, etc. 1976.
300 ## - PHYSICAL DESCRIPTION
Extent 656 стр. 24 см.
300 ## - PHYSICAL DESCRIPTION
Accompanying material 44 табл. 190 рис.
653 ## - INDEX TERM--UNCONTROLLED
Uncontrolled term Адсорбция газов.
942 ## - ADDED ENTRY ELEMENTS (KOHA)
Koha item type წიგნი
ეგზემპლარები
Withdrawn status Lost status Damaged status Not for loan Date acquired Barcode Date last seen Price effective from Koha item type Public note
        2018-12-17 9555 2018-12-17 2018-12-17 წიგნი საცავი